| 000 | 00716nam a2200229 a 4500 | ||
|---|---|---|---|
| 001 | 000017204 | ||
| 003 | OSt | ||
| 005 | 20201027142629.0 | ||
| 008 | 100319s1976 dr c 000 0 spa d | ||
| 040 |
_aDO-SdBNP _bspa _cBNPHU |
||
| 082 |
_axxx _bP792b |
||
| 100 | 1 |
_aPonce Pinedo, Ángel M. _937850 |
|
| 245 | 1 | 3 |
_aLa bilharziasis y otras enfermedades en R.D. / _cÁngel M. Ponce Pinedo ; liminar José Hazim |
| 260 |
_aSan Pedro de Macorís : _bUCE, _c1976. |
||
| 300 |
_a161 P. : _bretr. _c23 cm. |
||
| 490 | 1 |
_aCientífica _v1 |
|
| 504 | _aIncluye referencias bibliográficas | ||
| 590 | _aInventariado, 2020/ YL | ||
| 700 | 1 | 2 |
_aHazim, José _elim. _977047 |
| 830 | 0 |
_aCientífica _n1 _937851 |
|
| 942 |
_2ddc _cLBS1 |
||
| 999 |
_c16730 _d16730 |
||